<?xml version="1.0" encoding="UTF-8"?>
<marc:record xmlns:marc="http://www.loc.gov/MARC21/slim">
   <marc:leader>00000nam a2200000 a 4500</marc:leader>
   <marc:datafield ind1=" " ind2=" " tag="653">
      <marc:subfield code="a">Matt Damon</marc:subfield>
   </marc:datafield>
   <marc:datafield ind1=" " ind2=" " tag="653">
      <marc:subfield code="a">Scarlett Johansson</marc:subfield>
   </marc:datafield>
   <marc:datafield ind1="0" ind2="0" tag="245">
      <marc:subfield code="a">Wir kaufen einen Zoo</marc:subfield>
   </marc:datafield>
   <marc:datafield ind1="0" ind2="0" tag="245">
      <marc:subfield code="b">Nach einer wahren Geschichte</marc:subfield>
   </marc:datafield>
   <marc:datafield ind1=" " ind2="1" tag="264">
      <marc:subfield code="a">München</marc:subfield>
      <marc:subfield code="b">20th Century Fox</marc:subfield>
      <marc:subfield code="c">2012</marc:subfield>
   </marc:datafield>
   <marc:datafield ind1="1" ind2=" " tag="520">
      <marc:subfield code="a"> &lt;br/&gt;Nach dem tragischen Tod seiner Frau sucht Journalist Benjamin Mee (Matt Damon) einen Neuanfang für sich und seine beiden Kinder. Die Suche nach dem neuen Zuhause gestaltet sich schwieriger als gedacht, doch dann finden die drei das perfekte Domizil: einen heruntergekommen Zoo mit exotischen Tieren, der kurz vor der Pleite steht. Vor der Neueröffnung müssen die Mees nicht nur mit allerhand tierischen" Problemen klarkommen, sondern gemeinsam auch etliche Hindernisse - und die eigenen Zweifel - aus dem Weg räumen. Unterstützt werden sie dabei von der mutigen Tierpflegerin Kelly Foster (Scarlett Johansson) und erleben das vielleicht größte Abenteuer ihres Lebens!&lt;br/&gt;Der hochkarätig besetzte Film beruht auf einer wahren Begebenheit und wurde vom renommierten Filmemacher Cameron Crowe ("Almost Famous", "Jerry Maguire") in Szene gesetzt. Matt Damon und Scarlett Johannsen bieten eine unvergessliche, bewegende Darstellung."&lt;br/&gt;</marc:subfield>
   </marc:datafield>
   <marc:datafield ind1="3" ind2=" " tag="024">
      <marc:subfield code="a">4010232057204</marc:subfield>
   </marc:datafield>
   <marc:datafield ind1=" " ind2=" " tag="041">
      <marc:subfield code="a">ger</marc:subfield>
   </marc:datafield>
   <marc:datafield ind1="1" ind2=" " tag="521">
      <marc:subfield code="a">0</marc:subfield>
   </marc:datafield>
   <marc:datafield ind1=" " ind2=" " tag="306">
      <marc:subfield code="a">02:04:00</marc:subfield>
   </marc:datafield>
</marc:record>
